• 首页
  • 本馆介绍
  • 公告通知
  • 最新文献
  • 馆藏检索
  • 电子资源
  • 读者导购
  • 参考咨询
  • 我的图书馆
  • 登录
  • 详细信息显示
  • 放入我的书架
  • 预约/预借图书
  • 作者相关作品
  • 分类相关作品
  • 丛书相关作品
  • 出版社相关作品

书目信息

  • 表格格式
  • 工作单格式
  • 卡片格式
题名:
怎样看公路桥涵工程图
    
 
作者: 西安公路学院 编绘
分册:  
出版信息: 北京   人民交通出版社  1973
页数: 62页
开本: 19cm
丛书名:
单 册:
中图分类: U44
科图分类:
主题词: 桥涵工程
电子资源:
ISBN:
000 00596nam0 2200205 45
001 0405140864
005 20040514081015.3
010    @dCNY0.23
091    @a15044.1527
100    @a20040514d1973 km y0chiy0120 ea
101 0  @achi
105    @aa z 000yy
200 1  @a怎样看公路桥涵工程图@AZen Yang Kan Gong Lu Qiao Han Gong Cheng Tu@f西安公路学院编绘@FXi An Gong Lu Xue Yuan Bian Hui
210    @a北京@c人民交通出版社@d1973
215    @a62页@c图纸@d19cm
606 0  @a桥涵工程
690    @aU44@v3
701  0 @a西安公路学院@4编绘
801    @aCN@bPftUser@c20040514
905    @f1@b12424@dU44@e79
    
    怎样看公路桥涵工程图/西安公路学院编绘.-北京:人民交通出版社,1973
    62页:图纸;19cm
    
    
    ISBN :CNY0.23
    
●
相关链接 在E读中查询图书 在五车中查询图书 在当当中查询图书 在豆瓣中查询图书


正题名:怎样看公路桥涵工程图     索取号:U44/79         预约/预借

序号 登录号 条形码 馆藏地/架位号 状态 备注
1 0012423   001483512   第二样本阅览室/ [索取号:U44/79] 在馆    
2 0012424   001483503   第三借阅区/ [索取号:U44/79] 在馆    
唐山师范学院图书馆 欢迎您!
大连网信软件有限公司© 版权所有